| 000 | 00387 a2200157 4500 | ||
|---|---|---|---|
| 001 | 59014 | ||
| 020 | _a8587537377 | ||
| 040 | _cAnchieta - Pituba | ||
| 100 | _aCorradini, Ana Paula | ||
| 240 | 1 | 0 |
_aAlmanaque de Harry Potter e outros bruxos _lpor |
| 245 | 1 | 0 | _aAlmanaque de Harry Potter e outros bruxos |
| 300 | _a200 | ||
| 362 | 0 | _a2003 | |
| 650 | 4 | _aLiteratura juvenil | |
| 942 | _cBK | ||
| 999 |
_c59014 _d59014 |
||